[Event "Dt. Senioren-Mannschaftsmeisterschaft der Landesverbände 2017"]
[Site "Templin"]
[Date "2017.09.27"]
[Round "3.1"]
[White "Klundt, Klaus"]
[Black "Kalinitschew, Sergey"]
[Result "1/2-1/2"]
[BlackElo "2423"]
[WhiteElo "2321"]
[LiveChessVersion "1.4.8"]

1. e4 g6 2. d4 Bg7 3. Nc3 d6 4. f4 a6 5. Nf3 b5 6. Bd3 Nd7 7. e5 c5 8. exd6 cxd4
9. Ne4 Nh6 10. a4 b4 11. O-O O-O 12. Qe1 a5 13. Qh4 Nf5 14. dxe7 Nxh4 15. exd8=Q
Nxf3+ 16. Rxf3 Rxd8 17. Bd2 Bb7 18. Rff1 1/2-1/2

[Event "Dt. Senioren-Mannschaftsmeisterschaft der Landesverbände 2017"]
[Site "Templin"]
[Date "2017.09.27"]
[Round "3.2"]
[White "Lehmann, Klaus"]
[Black "Kierzek, Matthias, Dr."]
[Result "1/2-1/2"]
[BlackElo "2277"]
[WhiteElo "2321"]
[LiveChessVersion "1.4.8"]

1. e4 c6 2. d4 d5 3. Nc3 dxe4 4. Nxe4 Bf5 5. Ng3 Bg6 6. Nf3 e6 7. Bd3 Nf6 8. c3
Be7 9. Bxg6 hxg6 10. Qe2 Nbd7 11. O-O Qc7 12. Re1 O-O 13. Bg5 Rfe8 14. Rad1 Rad8
15. Ne5 Nxe5 16. dxe5 Nd7 17. Bxe7 Rxe7 18. Rd6 Nb6 19. Ne4 Red7 20. Red1 Nc8
21. Rxd7 Rxd7 22. Ng5 Ne7 23. Rxd7 Qxd7 24. h3 Qd5 25. b3 Nf5 26. Kh2 Kf8 27. f4
Ke7 28. Qf2 Qd3 29. Qxa7 Qg3+ 30. Kh1 Qe1+ 31. Kh2 Qg3+ 32. Kh1 Qe1+ 33. Kh2
Qg3+ 34. Kh1 1/2-1/2

[Event "Dt. Senioren-Mannschaftsmeisterschaft der Landesverbände 2017"]
[Site "Templin"]
[Date "2017.09.27"]
[Round "3.3"]
[White "Baum, Bernd, Dr."]
[Black "Glienke, Manfred, Dr."]
[Result "1/2-1/2"]
[BlackElo "2266"]
[WhiteElo "2268"]
[LiveChessVersion "1.4.8"]

1. c4 c6 2. d4 d5 3. cxd5 cxd5 4. Bf4 Nc6 5. e3 e6 6. Nc3 Bd6 7. Bxd6 Qxd6 8. f4
f5 9. Nf3 Nf6 10. Ne5 O-O 11. Be2 Ne4 12. O-O Bd7 13. Rc1 Nxe5 14. fxe5 Qb6 15.
Nxe4 fxe4 16. Qb3 Qxb3 17. axb3 Rxf1+ 18. Kxf1 Rc8 19. Rxc8+ 1/2-1/2

[Event "Dt. Senioren-Mannschaftsmeisterschaft der Landesverbände 2017"]
[Site "Templin"]
[Date "2017.09.27"]
[Round "3.4"]
[White "Burchardt, Brigitte"]
[Black "Kierzek, Mira"]
[Result "1-0"]
[BlackElo "2037"]
[WhiteElo "2191"]
[LiveChessVersion "1.4.8"]

1. e4 c5 2. Nc3 Nc6 3. g3 g6 4. Bg2 Bg7 5. d3 d6 6. Be3 Nf6 7. h3 Rb8 8. Nf3 O-O
9. O-O b5 10. e5 Ne8 11. exd6 exd6 12. d4 b4 13. Ne2 Ba6 14. Re1 Bxe2 15. Rxe2
Rc8 16. dxc5 Bxb2 17. Bh6 Ng7 18. Rb1 Bc3 19. cxd6 Qd7 20. Qd5 Rfe8 21. Rxe8+
Nxe8 22. Rd1 Nf6 23. Qd3 Re8 24. Be3 a5 25. a3 Rc8 26. Bb6 Kg7 27. axb4 axb4 28.
Be3 Na5 29. Bd2 Bxd2 30. Qxd2 Nc6 31. Ng5 h6 32. Ne4 Rb8 33. Nxf6 Kxf6 34. Bxc6
Qxc6 35. Qd4+ Ke6 36. Re1+ Kd7 37. Re7+ 1-0

[Event "Dt. Senioren-Mannschaftsmeisterschaft der Landesverbände 2017"]
[Site "Templin"]
[Date "2017.09.27"]
[Round "3.5"]
[White "Nekrasov, Mihail"]
[Black "Schulz, Michael"]
[Result "1/2-1/2"]
[BlackElo "2181"]
[WhiteElo "2359"]
[LiveChessVersion "1.4.8"]

1. e4 e6 2. d4 d5 3. Nd2 Nf6 4. e5 Nfd7 5. Bd3 c5 6. c3 Nc6 7. Ne2 Qb6 8. Nf3
cxd4 9. cxd4 f6 10. exf6 Nxf6 11. O-O Bd6 12. Bf4 Bxf4 13. Nxf4 O-O 14. Qd2 Qb4
15. Qxb4 Nxb4 16. a3 Nxd3 17. Nxd3 b6 18. Rfe1 Ne4 19. Nfe5 Ba6 20. Nb4 Bb5 21.
f3 Nd6 22. a4 a5 23. Nbc6 Bxc6 24. Nxc6 Rfe8 25. Rac1 Rac8 26. Na7 1/2-1/2

[Event "Dt. Senioren-Mannschaftsmeisterschaft der Landesverbände 2017"]
[Site "Templin"]
[Date "2017.09.27"]
[Round "3.6"]
[White "Postler, Reinhard"]
[Black "Werner, Clemens"]
[Result "1/2-1/2"]
[BlackElo "2306"]
[WhiteElo "2221"]
[LiveChessVersion "1.4.8"]

1. e4 c6 2. d4 d5 3. Nc3 dxe4 4. Nxe4 Nf6 5. Nxf6+ exf6 6. c3 Bd6 7. Bd3 O-O 8.
Ne2 Re8 9. O-O Qc7 10. Ng3 Be6 11. Qh5 g6 12. Qh4 Nd7 13. Ne4 f5 1/2-1/2

[Event "Dt. Senioren-Mannschaftsmeisterschaft der Landesverbände 2017"]
[Site "Templin"]
[Date "2017.09.27"]
[Round "3.7"]
[White "Herbrechtsmeier, Christof"]
[Black "Baumbach, Friedrich, Dr."]
[Result "1/2-1/2"]
[BlackElo "2156"]
[WhiteElo "2270"]
[LiveChessVersion "1.4.8"]

1. e4 c5 2. Nf3 Nf6 3. e5 Nd5 4. Nc3 Nxc3 5. dxc3 d5 6. exd6 exd6 7. Bc4 Be7 8.
Bf4 O-O 9. Qd2 Bg4 10. Bd5 Nc6 11. O-O-O Qd7 12. h3 Bxf3 13. Bxf3 Rad8 14. Qd5
Qe6 15. Rhe1 Qf6 16. Be3 Rc8 17. Be4 b5 18. h4 h6 19. g4 Qe5 20. g5 hxg5 21.
Bxg5 Qxd5 22. Bxd5 Bxg5+ 23. hxg5 g6 24. Bxc6 Rxc6 25. Re7 a6 26. Rd7 Re8 27.
R7xd6 Re6 28. Rxc6 Rxc6 29. Rd5 f6 30. Kd2 fxg5 31. Rxg5 Kf7 32. c4 Kf6 33. Rd5
g5 34. cxb5 axb5 35. a3 b4 36. axb4 cxb4 37. Kd3 Rb6 38. Rc5 Rd6+ 39. Ke3 Rb6
40. Kf3 Rd6 41. c3 bxc3 42. bxc3 Rd2 43. Ke3 Rc2 44. f3 Rc1 45. Kf2 Rc2+ 46. Ke3
Rc1 47. Rc8 Ke5 48. Kd2 Rf1 49. Rf8 Ke6 50. Re8+ Kf5 51. Ke2 Rc1 52. Re3 Kf4 53.
Re4+ Kf5 54. c4 Rc3 55. Kf2 Rc1 56. Kg2 Rc2+ 57. Kg3 Rc1 58. Rd4 Rg1+ 59. Kf2
Rc1 60. Ke3 Rc3+ 61. Ke2 Ke6 62. Re4+ Kf5 63. Rg4 Kf6 64. Kf2 Kf5 65. Kg3 Rc1
66. Rd4 Rg1+ 67. Kf2 Rc1 68. Ke3 Rc3+ 69. Ke2 Ke6 70. Kf2 Rc1 71. Kg3 Rg1+ 72.
Kh3 Rh1+ 73. Kg2 1/2-1/2

[Event "Dt. Senioren-Mannschaftsmeisterschaft der Landesverbände 2017"]
[Site "Templin"]
[Date "2017.09.27"]
[Round "3.8"]
[White "Glatthor, Thomas"]
[Black "Vatter, Hans-Joachim"]
[Result "1/2-1/2"]
[BlackElo "2203"]
[WhiteElo "2065"]
[LiveChessVersion "1.4.8"]

1. Nf3 b6 2. g3 Bb7 3. Bg2 e5 4. d3 f5 5. e4 fxe4 6. Nxe5 Qe7 7. Qh5+ g6 8. Qg5
Qe6 9. Bf4 d6 10. O-O dxe5 11. Qxe5 Kf7 12. Qxh8 Nf6 13. Nc3 Nbd7 14. Nxe4 Bxe4
15. Bxe4 Re8 16. Rae1 Bg7 17. Bxg6+ hxg6 18. Rxe6 Rxh8 19. Rfe1 1/2-1/2

[Event "Dt. Senioren-Mannschaftsmeisterschaft der Landesverbände 2017"]
[Site "Templin"]
[Date "2017.09.27"]
[Round "3.9"]
[White "Kyas, Juergen"]
[Black "Fritsch, Rolf"]
[Result "1/2-1/2"]
[BlackElo "2214"]
[WhiteElo "2200"]
[LiveChessVersion "1.4.8"]

1. e4 g6 2. d4 Bg7 3. Nf3 d6 4. Be2 Nf6 5. Nc3 c6 6. a4 Bg4 7. Be3 O-O 8. O-O d5
9. e5 Ne8 10. Qd2 f6 11. exf6 exf6 12. Bh6 Nd6 13. Bxg7 Kxg7 14. Qf4 Bf5 1/2-1/2

[Event "Dt. Senioren-Mannschaftsmeisterschaft der Landesverbände 2017"]
[Site "Templin"]
[Date "2017.09.27"]
[Round "3.10"]
[White "Weisenburger, Horst"]
[Black "Weidlich, Guenter"]
[Result "1/2-1/2"]
[BlackElo "2187"]
[WhiteElo "2137"]
[LiveChessVersion "1.4.8"]

1. f4 Nf6 2. Nf3 g6 3. g3 Bg7 4. Bg2 d5 5. O-O O-O 6. d3 c5 7. Qe1 Nc6 8. h3 Qc7
9. Qf2 b6 10. Nc3 a6 11. e4 dxe4 1/2-1/2

[Event "Dt. Senioren-Mannschaftsmeisterschaft der Landesverbände 2017"]
[Site "Templin"]
[Date "2017.09.27"]
[Round "3.11"]
[White "Lenk, Wolfgang"]
[Black "Braeuner, Uwe"]
[Result "1/2-1/2"]
[BlackElo "2176"]
[WhiteElo "2179"]
[LiveChessVersion "1.4.8"]

1. e4 c6 2. d4 d5 3. Nc3 dxe4 4. Nxe4 Bf5 5. Ng3 Bg6 6. Nf3 Nd7 7. Bc4 e6 8. Bf4
Ngf6 9. O-O Nd5 10. Bg5 Qc7 11. Bb3 b5 12. Qe2 Bd6 13. Ne4 Bxe4 14. Qxe4 O-O 15.
Rfe1 h6 16. Bd2 N7f6 17. Qh4 Bf4 18. Rad1 Bxd2 19. Rxd2 Qf4 20. Qxf4 Nxf4 21.
Ne5 Rac8 22. c3 Rfd8 23. g3 N4d5 24. Nd3 Kf8 25. f3 Nd7 26. Kf2 N5b6 27. Rde2 c5
28. dxc5 Nxc5 29. Nxc5 Rxc5 30. Re5 Rxe5 31. Rxe5 a6 32. f4 Nd7 33. Re2 Nc5 34.
Bc2 Nd3+ 35. Bxd3 Rxd3 36. Rc2 Rd1 37. Ke2 Rh1 38. Kd3 Ke7 39. c4 Kd6 40. c5+
Kc6 41. b4 g5 42. Rf2 gxf4 43. gxf4 Rb1 44. Kc3 Rc1+ 45. Kb3 Rc4 46. f5 a5 47.
a3 a4+ 48. Kb2 e5 49. Rd2 e4 50. Re2 Rd4 51. Re3 Rd2+ 52. Kc3 Rf2 53. Kd4 Rxf5
54. Kxe4 Rh5 55. Rf3 Rxh2 56. Rf6+ Kc7 57. Rxf7+ Kc6 58. Rf6+ Kc7 59. Rf7+ Kc6
1/2-1/2

[Event "Dt. Senioren-Mannschaftsmeisterschaft der Landesverbände 2017"]
[Site "Templin"]
[Date "2017.09.27"]
[Round "3.12"]
[White "Gerstenberger, Heinz"]
[Black "Boehm, Erwin"]
[Result "1/2-1/2"]
[BlackElo "2154"]
[WhiteElo "2119"]
[LiveChessVersion "1.4.8"]

1. d4 g6 2. c4 Bg7 3. Nf3 d6 4. e4 Nc6 5. d5 Ne5 6. Nxe5 Bxe5 7. Nc3 c5 8. Bd3
Bg7 9. Be3 Nf6 10. h3 O-O 11. Qd2 a6 12. a4 Qc7 13. Bh6 Bd7 14. Bxg7 Kxg7 15.
O-O Ng8 16. Qe2 Nh6 17. f4 f6 18. Ra3 Nf7 19. Kh1 Rfc8 20. Rfa1 b6 21. b3 a5
1/2-1/2

[Event "Dt. Senioren-Mannschaftsmeisterschaft der Landesverbände 2017"]
[Site "Templin"]
[Date "2017.09.27"]
[Round "3.13"]
[White "Buchal, Stephan"]
[Black "Salov, Sergej"]
[Result "1-0"]
[BlackElo "2215"]
[WhiteElo "2347"]
[LiveChessVersion "1.4.8"]

1. c4 c5 2. g3 g6 3. Bg2 Bg7 4. Nc3 Nc6 5. Nf3 d6 6. O-O Nh6 7. a3 Nf5 8. Rb1 a5
9. d3 O-O 10. Bd2 e6 11. Nb5 d5 12. Qc2 Na7 13. Nxa7 Rxa7 14. cxd5 b6 15. e4 Nd4
16. Nxd4 cxd4 17. b4 exd5 18. exd5 Bf5 19. bxa5 bxa5 20. Rfc1 Qd6 21. a4 Qa3 22.
Be4 Bd7 23. Ra1 Qd6 24. Qc5 Qa6 25. Qc4 Qd6 26. Qc5 Qa6 27. Qc4 Qd6 28. Bf4 Qb4
29. Bc7 Bh6 30. Rc2 Bd2 31. Qxb4 Bxb4 32. Bb6 Raa8 33. Bxd4 Rac8 34. Rc4 f5 35.
Bf3 Rfe8 36. Kg2 g5 37. h3 g4 38. hxg4 fxg4 39. Bd1 Rxc4 40. dxc4 Re4 41. Be3
Rxc4 42. Be2 Rc2 43. Bd1 Rc4 44. Be2 Rc3 45. Bb5 Bf5 46. Rd1 Be4+ 47. Kf1 Bf3
48. Be2 Ra3 49. Bf4 Ra2 50. Bxf3 gxf3 51. Kg1 Bc5 52. Rd2 Rxa4 53. d6 Bb6 54.
Bg5 h6 55. Bh4 Ra1+ 56. Kh2 a4 57. d7 a3 58. d8=Q+ Bxd8 59. Rxd8+ Kg7 60. Ra8 h5
61. Ra6 Ra2 62. Bf6+ Kf7 63. Bd4 Rd2 64. Be3 Rd3 65. Bc5 Rc3 66. Bxa3 Rc2 67.
Kg1 Ra2 68. Ra7+ Kg6 69. Bc5 1-0

[Event "Dt. Senioren-Mannschaftsmeisterschaft der Landesverbände 2017"]
[Site "Templin"]
[Date "2017.09.27"]
[Round "3.14"]
[White "Gruzmann, Boris"]
[Black "Franke, Reiner, Prof. Dr."]
[Result "0-1"]
[BlackElo "2255"]
[WhiteElo "2210"]
[LiveChessVersion "1.4.8"]

1. e4 c5 2. Nf3 g6 3. d4 cxd4 4. Nxd4 Bg7 5. Nc3 Nc6 6. Be3 Nf6 7. Bc4 O-O 8.
Bb3 d5 9. Bxd5 Ng4 10. Bxc6 Nxe3 11. fxe3 bxc6 12. O-O Qb6 13. Na4 Qa5 14. c4 c5
15. Nf3 Rd8 16. Qc2 Bd7 17. Nc3 Bxc3 18. bxc3 Be6 19. Nd2 Qa6 20. Rad1 Rab8 21.
h3 Rd7 22. e5 Rbd8 23. Ne4 Qxc4 24. Rxd7 Rxd7 25. Ng5 Qxa2 26. Qxa2 Bxa2 27. Ra1
Rd2 28. Ne4 Rc2 29. Nxc5 a5 30. e4 h5 31. Na4 h4 32. Nb6 Kf8 33. c4 Ke8 34. c5
Kd8 35. Rd1+ Kc7 36. Rd7+ Kc6 37. Rxe7 Be6 38. Ra7 Rxc5 39. Na4 Rxe5 40. Kf2 Kb5
41. Nc3+ Kb4 42. Rc7 Rc5 43. Rxc5 Kxc5 44. Ke3 Kc4 45. Kd2 Kd4 0-1

[Event "Dt. Senioren-Mannschaftsmeisterschaft der Landesverbände 2017"]
[Site "Templin"]
[Date "2017.09.27"]
[Round "3.15"]
[White "Rust-Lux, Klaus"]
[Black "Stark, Hans-Werner"]
[Result "0-1"]
[BlackElo "2103"]
[WhiteElo "2065"]
[LiveChessVersion "1.4.8"]

1. Nf3 d5 2. g3 Nf6 3. Bg2 e6 4. O-O Bd6 5. d4 O-O 6. c4 c6 7. Qc2 Nbd7 8. Nbd2
e5 9. dxe5 Nxe5 10. Nxe5 Bxe5 11. Nf3 Bd6 12. cxd5 Nxd5 13. a3 Qf6 14. e4 Nb6
15. Bd2 Re8 16. Bc3 Qh6 17. Rfe1 Bg4 18. Nd4 Rad8 19. e5 Bxe5 20. f3 Bxd4+ 21.
Bxd4 Be6 22. Qf2 Nc4 23. f4 a6 24. b3 Nd6 25. Bb6 Rc8 26. Rad1 Bxb3 27. Rb1 Bd5
28. Bxd5 cxd5 29. Bd4 Ne4 30. Qa2 Rc4 31. Rb6 Qh3 32. Qb2 Rec8 0-1

[Event "Blindenschachbund-Rheinland-Pfalz 2"]
[Site "Templin"]
[Date "2017.09.27"]
[Round "3.1"]
[White "Esswein, Karlheinz"]
[Black "Riegler, Dieter"]
[Result "1/2-1/2"]
[BlackElo "2013"]
[BlackTeam "Blindenschachbund"]
[Board "1"]
[WhiteElo "2092"]
[WhiteTeam "Rheinland-Pfalz 2"]

1. c4 g6 2. g3 Bg7 3. Bg2 c5 4. Nc3 Nc6 5. Nf3 d6 6. O-O  e6 7. e3 Nge7 8.
d4 O-O  9. Rb1 e5 10. dxe5 dxe5 11. Ne4 Qb6 12. b3 Bf5 13. Nh4 Rad8 14. Qe2
Bc8 15. Nc3 a6 16. Bb2 Qc7 17. Rbd1 Rxd1 18. Rxd1 Rd8 19. Rxd8+ Qxd8 20. Nf3
Bf5  1/2-1/2

[Event "Blindenschachbund-Rheinland-Pfalz 2"]
[Site "Templin"]
[Date "2017.09.27"]
[Round "3.2"]
[White "Dobierzin, Olaf"]
[Black "Schwertel, Johann"]
[Result "1-0"]
[BlackElo "1930"]
[BlackTeam "Rheinland-Pfalz 2"]
[Board "2"]
[WhiteElo "2001"]
[WhiteTeam "Blindenschachbund"]

1. e4 c6 2. d4 d5 3. Nc3 dxe4 4. Nxe4 Nf6 5. Nxf6+ exf6 6. c3 Be6 7. Bd3 Bd6 8.
Ne2 O-O 9. Qc2 h6 10. Be3 Re8 11. O-O Qc7 12. Ng3 Nd7 13. c4 Nf8 14. Qd2 Ng6
15. f4 Bd7 16. c5 Bf8 17. f5 Ne7 18. Bf4 Qd8 19. Bd6 Nd5 20. Ne4 Bc8 21. Rae1
a5 22. a3 b5 23. Bxf8 Rxf8 24. Nd6 b4 25. Qe2 bxa3 26. bxa3 Nc3 27. Qh5 Ba6 28.
Bxa6 Rxa6 29. Re8 Rxe8 30. Qxf7+ Kh8 31. Nxe8 Qxd4+ 32. Kh1 Qg4 33. Re1 Ra8 34.
h3 Qg5 35. Qf8+ Kh7 36. Nxf6+ Qxf6 37. Qxa8 Nd5 38. Qe8 Nf4 39. Qe4 Nd5 40. Qe6
Qg5 41. Qg6+  1-0

[Event "Blindenschachbund-Rheinland-Pfalz 2"]
[Site "Templin"]
[Date "2017.09.27"]
[Round "3.3"]
[White "Schowalter, Gerd"]
[Black "Heinich, Manfred"]
[Result "1/2-1/2"]
[BlackElo "1978"]
[BlackTeam "Blindenschachbund"]
[Board "3"]
[WhiteElo "1946"]
[WhiteTeam "Rheinland-Pfalz 2"]

1. e4 c5 2. c4 Nc6 3. Nc3 g6 4. g3 Bg7 5. Bg2 e6 6. Nge2 Nge7 7. O-O  O-O
 8. d3 d6 9. Rb1 b6 10. a3 Bb7 11. Bf4 Qd7 12. Nb5 e5 13. Bg5 a6 14. Nbc3
Nd4 15. Nxd4 cxd4 16. Ne2 f6 17. Bd2 f5 18. Bh3 Qc6 19. f3 Kh8 20. Qb3 Rab8 21.
Bg2 Bc8 22. f4 Qc7 23. Rf2 Be6 24. Qa4 Bd7 25. Qd1 b5 26. cxb5  1/2-1/2

[Event "Blindenschachbund-Rheinland-Pfalz 2"]
[Site "Templin"]
[Date "2017.09.27"]
[Round "3.4"]
[White "Hahn, Volker, Dr."]
[Black "Ranker, Klemens"]
[Result "1/2-1/2"]
[BlackElo "1835"]
[BlackTeam "Rheinland-Pfalz 2"]
[Board "4"]
[WhiteElo "1747"]
[WhiteTeam "Blindenschachbund"]

1. d4 d5 2. Bf4 Nf6 3. e3 g6 4. c4 c6 5. Nc3 Bg7 6. h3 O-O  7. Nf3 Nbd7 8.
cxd5 Nxd5 9. Nxd5 cxd5 10. Bd3 Qb6 11. Qe2 Re8 12. O-O  e5 13. dxe5 Nxe5
14. Nxe5 Bxe5 15. Bxe5 Rxe5 16. b3 Bd7 17. Rfc1 Rae8 18. Qf3 Kg7 19. Qf4 Bc6
20. Qd4 Qxd4  1/2-1/2

[Event "Nordrhein-Westfalen 1-Sachsen-Anhalt"]
[Site "Templin"]
[Date "2017.09.27"]
[Round "3.1"]
[White "Liebert, Heinz"]
[Black "Rotstein, Jefim"]
[Result "1/2-1/2"]
[BlackElo "2322"]
[BlackTeam "Nordrhein-Westfalen 1"]
[Board "1"]
[WhiteElo "2188"]
[WhiteTeam "Sachsen-Anhalt"]

1. e4 c5 2. Nf3 Nc6 3. Bb5 e5 4. Bxc6 dxc6 5. d3 Bd6 6. Be3 Nf6 7. h3 c4 8. Nbd2
cxd3 9. cxd3 O-O  10. Qc2 h6 11. Nc4 Re8 12. Nxd6 Qxd6 13. O-O  b6 14.
d4 exd4 15. e5 Qc5 16. Qxc5 bxc5 17. exf6 dxe3 18. fxe3 Rxe3 19. Rfc1 Rb8 20.
b3 Rb5 21. Kf2 Re4 22. Re1 Rxe1 23. Rxe1 Be6 24. fxg7 Ra5 25. Re2 c4 26. Nd4
cxb3 27. axb3 Bd7 28. b4 Rd5 29. Nb3 Kxg7 30. Nc5 Bf5 31. Ra2 Rd4 32. Rxa7 Rxb4
33. Ra6 Rb2+ 34. Kf3 h5 35. g4 Bg6 36. gxh5 Bxh5+ 37. Kg3 Be2 38. Rxc6 Bf1 39.
Ne4 Rg2+ 40. Kf3 Rh2 41. Nf2 Bxh3 42. Kg3  1/2-1/2

[Event "Nordrhein-Westfalen 1-Sachsen-Anhalt"]
[Site "Templin"]
[Date "2017.09.27"]
[Round "3.2"]
[White "Khanukov, Boris"]
[Black "Köhler, Gerhard, Dr."]
[Result "1-0"]
[BlackElo "2192"]
[BlackTeam "Sachsen-Anhalt"]
[Board "2"]
[WhiteElo "2306"]
[WhiteTeam "Nordrhein-Westfalen 1"]

1. Nf3 Nf6 2. g3 g6 3. Bg2 Bg7 4. c4 O-O   5. Nc3 d6 6. O-O   e5
7. d4 Nbd7 8. h3 Re8 9. Kh2 c6 10. Rb1 exd4 11. Nxd4 Nc5 12. Bf4 Nfe4 13. Nxe4
Nxe4 14. f3 Nc5 15. e4 g5 16. Be3 a5 17. Qd2 h6 18. b3 Qe7 19. Rfe1 f6 20. Rbd1
Bf8 21. Bf2 Qf7 22. f4 Qh7 23. f5 h5 24. a3 Nd7 25. Ne6 Rxe6 26. fxe6 Ne5 27.
a4 c5 28. Rf1 Qe7 29. Qe2 Qh7 30. Be1 Be7 31. Bc3 Bxe6 32. Kg1 Qf7 33. Rf2 Kg7
34. Qe3 b6 35. Bxe5 dxe5 36. Rfd2 Rh8 37. Rd3 Rb8 38. R1d2 Rb7 39. Qe2 Rb8 40.
Qd1 Rh8 41. Rf2 Rb8 42. Bf1 Qg6 43. Bg2 Qf7 44. Bf3 Rh8 45. Qf1 Rb8 46. Rfd2
Rh8 47. Be2 Rb8 48. Qd1 Rh8 49. Kh2 Qg6 50. Rd7 Bxd7 51. Rxd7 Qf7 52. Qd5 Kg6
53. Qb7 Re8 54. Qxb6 Ra8 55. Qc7 Re8 56. Qxa5 f5 57. Qd2 fxe4 58. Qe3 Qf5 59.
Bxh5+ Kh6 60. Bxe8  1-0

[Event "Nordrhein-Westfalen 1-Sachsen-Anhalt"]
[Site "Templin"]
[Date "2017.09.27"]
[Round "3.3"]
[White "Schultheis, Heinz"]
[Black "Hassenrück, Helmut"]
[Result "1-0"]
[BlackElo "2167"]
[BlackTeam "Nordrhein-Westfalen 1"]
[Board "3"]
[WhiteElo "2087"]
[WhiteTeam "Sachsen-Anhalt"]

1. d4 Nf6 2. c4 e6 3. Nf3 c5 4. d5 b5 5. Bg5 exd5 6. cxd5 h6 7. Bxf6 Qxf6 8. Qc2
Be7 9. e4 Qb6 10. a4 bxa4 11. Nbd2 d6 12. Qxa4+ Bd7 13. Qa5 Qxb2 14. Rb1 Qc2
15. Qc7 O-O  16. Qb7 f5 17. exf5 Bf6 18. Be2 Bc3 19. O-O  Bxd2 20. Nxd2
Qxd2 21. Qxa8 Nc6 22. Qb7 Nd4 23. Qxd7 Nxe2+ 24. Kh1 Qxd5 25. f6 Qf7 26. Qxd6
Qxf6 27. Qxc5 Nf4 28. Rb3 Qa6 29. Rfb1 Qg6 30. Qc4+ Kh7 31. Rg1 Qh5 32. Qe4+
Kh8 33. Rf3 Ng6 34. Rxf8+ Nxf8 35. Qa8 Qf7 36. f3 Kh7 37. Ra1 Ne6 38. Rxa7 Qf6
39. Qe4+ Kg8 40. h3  1-0

[Event "Nordrhein-Westfalen 1-Sachsen-Anhalt"]
[Site "Templin"]
[Date "2017.09.27"]
[Round "3.4"]
[White "Krüger, Erich"]
[Black "Liebscher, Helmar"]
[Result "1-0"]
[BlackElo "2089"]
[BlackTeam "Sachsen-Anhalt"]
[Board "4"]
[WhiteElo "2171"]
[WhiteTeam "Nordrhein-Westfalen 1"]

1. d4 Nf6 2. c4 e6 3. Nc3 d5 4. cxd5 exd5 5. Bg5 c6 6. e3 Qb6 7. Bxf6 Qxb2 8.
Qc1 Ba3 9. Nxd5 gxf6 10. Qxb2 Bxb2 11. Rb1 cxd5 12. Rxb2 Nc6 13. Ne2 O-O 
14. Nf4 Be6 15. Be2 Rfc8 16. Rxb7 Rab8 17. Rxb8 Rxb8  18. O-O  Kf8 19.
Rc1 Rb6 20. Bf3 Ne7 21. h3 Rb2 22. a4 Ra2 23. Rb1 Rxa4 24. Rb8+ Kg7 25. Re8 Ng8
26. Nh5+  1-0

[Event "Bayern 1-Brandenburg 1"]
[Site "Templin"]
[Date "2017.09.27"]
[Round "3.1"]
[White "Walter, Günter"]
[Black "Schmidt, Gerhard"]
[Result "1/2-1/2"]
[BlackElo "2175"]
[BlackTeam "Bayern 1"]
[Board "1"]
[WhiteElo "2158"]
[WhiteTeam "Brandenburg 1"]

1. e4 c5 2. Nc3 d6 3. Bb5+ Bd7 4. a4 Nc6 5. d3 Nf6 6. f4 e6 7. Nf3 Be7 8. O-O
 O-O  9. Kh1 d5 10. e5 Ng4 11. h3 Nh6 12. g4 f5 13. g5 Nf7  1/2-1/2

[Event "Bayern 1-Brandenburg 1"]
[Site "Templin"]
[Date "2017.09.27"]
[Round "3.2"]
[White "Jergler, Karl-Heinz"]
[Black "Walkewitz, Hubert"]
[Result "1/2-1/2"]
[BlackElo "2134"]
[BlackTeam "Brandenburg 1"]
[Board "2"]
[WhiteElo "2198"]
[WhiteTeam "Bayern 1"]

1. e4 d5 2. exd5 Qxd5 3. Nc3 Qd8 4. d4 Nf6 5. Nf3 a6 6. h3 b5 7. a3 Bb7 8. Bd3
e6 9. O-O  Nbd7 10. Bg5 Be7 11. Qe2 O-O  12. Rad1 Re8 13. Rfe1 b4 14.
axb4 Bxb4 15. Ne5 Bxc3 16. bxc3 Nf8 17. Rb1 Ra7 18. Rxb7 Rxb7 19. Bxa6 Rb2 20.
Bb5 Qb8 21. Bxe8 Nxe8 22. Be7 Ng6 23. Nxg6 hxg6 24. d5 exd5 25. Ba3 Rb1 26. Be7
Rxe1+ 27. Qxe1 Qb5 28. g3 Nf6 29. Bxf6 gxf6 30. h4 Qa4 31. Qd2 Qe4 32. Qd4 f5
33. Qf6 Qe1+ 34. Kg2 Qe4+ 35. Kg1 Qe1+  1/2-1/2

[Event "Bayern 1-Brandenburg 1"]
[Site "Templin"]
[Date "2017.09.27"]
[Round "3.3"]
[White "Jandke, Manfred"]
[Black "Oechslein, Rainer"]
[Result "1/2-1/2"]
[BlackElo "2294"]
[BlackTeam "Bayern 1"]
[Board "3"]
[WhiteElo "2147"]
[WhiteTeam "Brandenburg 1"]

1. c4 c5 2. Nf3 Nc6 3. Nc3 g6 4. g3 Bg7 5. Bg2 e6 6. O-O  Nge7 7. d3 O-O
 8. Bg5 h6 9. Bd2 b6 10. a3 Bb7 11. Rb1 d6 12. b4 Qd7 13. e3 f5 14. Qb3 Kh7
15. Ne2 e5 16. Bc3 g5 17. Rfd1 Qc7 18. Qb2 Ng6 19. Nd2 Rae8 20. Nb3 Nd8 21.
Bxb7 Nxb7 22. Rbc1 Qc6 23. Nd2 g4 24. b5 Qd7 25. Qc2 Re7 26. Re1 Nd8 27. a4 Ne6
28. f4 exf4 29. gxf4 Rfe8 30. Nf1 Nh4 31. Neg3 Qb7 32. e4 Nf3+ 33. Kf2 Bd4+ 34.
Ne3 Nxe1 35. Rxe1 fxe4 36. dxe4 Bxc3 37. Qxc3 Nd4 38. Nxg4 Rf8 39. f5 Rg7 40.
h3 Qe7 41. Qd3 Qg5 42. e5 dxe5 43. Rxe5  1/2-1/2

[Event "Bayern 1-Brandenburg 1"]
[Site "Templin"]
[Date "2017.09.27"]
[Round "3.4"]
[White "Seibold, Hubert, Dr."]
[Black "Kuhne, Detlev"]
[Result "1/2-1/2"]
[BlackElo "2108"]
[BlackTeam "Brandenburg 1"]
[Board "4"]
[WhiteElo "2130"]
[WhiteTeam "Bayern 1"]

1. Nf3 d5 2. d4 Nf6 3. c4 c6 4. Nc3 a6 5. e3 Bf5 6. Bd3 Bxd3 7. Qxd3 e6  8.
O-O  Nbd7 9. e4 dxe4 10. Nxe4 Nxe4 11. Qxe4 Nf6 12. Qe2 Be7 13. b3 O-O 
14. Bb2 Qa5 15. Rfd1 Ba3 16. Rab1 Bxb2 17. Rxb2 Qb4 18. Ne5 Rfd8 19. g4 h6 20.
f4 Nd7 21. g5 hxg5 22. fxg5 Nxe5 23. Qxe5 Qd6 24. Rbd2 Rd7 25. Qxd6 Rxd6 26.
Kf2 Rad8 27. Ke3  1/2-1/2

[Event "Niedersachsen-Mecklenburg-Vorpommern 1"]
[Site "Templin"]
[Date "2017.09.27"]
[Round "3.1"]
[White "Waschk, Armin"]
[Black "Nimtz, Manfred, Dr."]
[Result "1/2-1/2"]
[BlackElo "2184"]
[BlackTeam "Niedersachsen"]
[Board "1"]
[WhiteElo "2184"]
[WhiteTeam "Mecklenburg-Vorpommern 1"]

1. e4 c5 2. Nf3 d6 3. Bb5+ Nd7 4. O-O  Nf6 5. Re1 a6 6. Bd3 e5 7. c3 Be7 8.
Bc2 O-O  9. d4 b5 10. Bg5 Qc7 11. Nbd2 Re8 12. Nf1 Bf8 13. Rc1 Bb7 14. Ng3
g6 15. Qd2 Bg7 16. h4 Rac8 17. h5 Qb6 18. Rcd1 cxd4 19. cxd4 exd4 20. Nxd4 Ng4
21. Bb3 d5 22. hxg6 hxg6 23. f3 Nge5 24. Be3 Qd6 25. Bf2 Nc4 26. Bxc4 Rxc4 27.
exd5 Rxe1+ 28. Qxe1 Bxd5 29. Ndf5 gxf5 30. Nxf5 Qe6 31. Ne7+ Kf8 32. Nxd5 Qxe1+
33. Bxe1 Bxb2 34. Ne3 Bd4 35. Bf2 Ra4 36. Rd2 Ne5 37. Nf5 Bxf2+ 38. Kxf2 f6 39.
Nd4 Kf7 40. Kg3 Nc4 41. Re2 Ra3 42. Kf4 Ne5 43. Kf5 Rd3 44. Ke4 Rd1 45. f4 Nc4
46. Kd5 Nb6+ 47. Kc6 Rxd4 48. Kxb6 Ra4 49. g4 Rxf4 50. Kxa6 b4 51. Rg2 Kg6 52.
Ka5 Kg5 53. Ka4 Kh4 54. Rb2 Rxg4 55. Rxb4 f5 56. a3 Rxb4+  1/2-1/2